[Event "AUTO-OPEN-1562"]
[Site "http://www.queenalice.com/game.php?id=591623"]
[Date "2009.5.21"]
[Round "1"]
[White "cepac0l"]
[Black "P_E_D_R_O"]
[Result "0-1"]
[WhiteElo "1490"]
[BlackElo "1601"]

1. e4 e5 2. Nf3 d6 3. Bc4 h6 4. c3 Nf6 5. O-O Nxe4 6. d3 Nc5 7. b4 Ne6 8. d4 e4
9. Nfd2 f5 10. f3 Nf4 11. fxe4 Qg5 12. Nf3 Qxg2# 0-1

[Event "AUTO-OPEN-1562"]
[Site "http://www.queenalice.com/game.php?id=591624"]
[Date "2009.5.21"]
[Round "1"]
[White "P_E_D_R_O"]
[Black "cepac0l"]
[Result "0-1"]
[WhiteElo "1584"]
[BlackElo "1477"]

1. e4 e5 2. Nf3 Nc6 3. d3 Nf6 4. Be2 d5 5. Nbd2 d4 6. c3 Be7 7. b3 dxc3 8. Nc4
Nb4 9. Ncxe5 c2 10. Qd2 Ng4 11. Qf4 Nxe5 12. Nxe5 O-O 13. Bh5 Nxd3+ 14. Nxd3
Qxd3 15. Be2 Qc3+ 16. Qd2 Qxa1 17. Qxc2 Bb4+ 18. Kf1 Ba3 19. g3 Bh3+ 20. Ke1
Bxc1 21. Bd1 Rad8 22. Ke2 Bg4+ 23. Kf1 Bxd1 24. Kg2 Bxc2 25. h4 Bxe4+ 26. f3
Qxa2+ 27. Kh3 Bxf3 28. Rg1 Be3 29. Rf1 Qg2# 0-1

[Event "AUTO-OPEN-1562"]
[Site "http://www.queenalice.com/game.php?id=591625"]
[Date "2009.5.21"]
[Round "1"]
[White "cepac0l"]
[Black "maribondo"]
[Result "1-0"]
[WhiteElo "1482"]
[BlackElo "1973"]

1. e4 e5 2. Nf3 Nc6 3. Bd3 Nf6 4. c3 d6 5. c4 Bg4 6. h3 Bh5 7. Qb3 Bxf3 8. gxf3
Nd4 9. Qc3 Nxf3+ 10. Kf1 Nh5 11. c5 Qg5 12. Bb5+ c6 13. Bc4 Nf4 14. Qxf3 dxc5
15. d3 Bd6 16. h4 Qh6 17. Na3 O-O 18. h5 b5 19. Bb3 a5 20. Rh4 g5 21. Rh1 Qf6
22. h6 a4 23. Bxf4 exf4 24. Bc2 Qxb2 25. Qg2 Qxa1+ 26. Ke2 Qxa2 27. Qxg5+ 1-0

[Event "AUTO-OPEN-1562"]
[Site "http://www.queenalice.com/game.php?id=591626"]
[Date "2009.5.21"]
[Round "1"]
[White "maribondo"]
[Black "cepac0l"]
[Result "1-0"]
[WhiteElo "1866"]
[BlackElo "1514"]

1. Nf3 Nc6 2. c4 e5 3. Nc3 Bd6 4. e4 Nf6 5. g3 Nd4 6. Bg2 O-O 7. O-O Ng4 8. h3
Nf6 9. d3 a6 10. Bg5 h6 11. Be3 b5 12. Bxd4 exd4 13. Nxd4 Be5 14. Nde2 Bxc3 15.
Nxc3 b4 16. Ne2 d6 17. e5 Nd5 18. Bxd5 Rb8 19. Nd4 Qe7 20. Nc6 Qd7 21. Nxb8 Qxh3
22. Bg2 Qf5 23. exd6 cxd6 24. Nc6 Qd7 25. Qb3 Bb7 26. Nd4 a5 27. Bxb7 Qxb7 28.
a3 Qb6 29. Nb5 d5 30. Rfe1 f5 31. axb4 f4 32. bxa5 Qc5 33. gxf4 Rxf4 34. Re8+
Kh7 35. Qc2 Rg4+ 36. Kf1 h5 37. d4+ g6 38. dxc5 dxc4 39. Rae1 h4 40. Qd2 h3 41.
R1e7# 1-0

[Event "Challenge"]
[Site "http://www.queenalice.com/game.php?id=608740"]
[Date "2009.6.25"]
[Round "-"]
[White "Peds"]
[Black "cepac0l"]
[Result "0-1"]
[WhiteElo "1263"]
[BlackElo "1497"]

1. Nf3 Nc6 2. b4 Nxb4 3. Ba3 Nd5 4. c4 Nf4 5. g3 Ng6 6. Nc3 e5 7. Nb5 c6 8. Nc3
Bxa3 9. Rb1 Nf6 10. Ng5 O-O 11. f3 h6 12. Nh3 d5 13. c5 d4 14. Ne4 Nxe4 15. fxe4
Bxh3 16. Bxh3 d3 17. exd3 Qxd3 18. Rxb7 Bxc5 19. a4 Qxe4+ 20. Kf1 Qxh1+ 21. Ke2
Qxh2+ 22. Kd3 Qxh3 23. Qb3 Rad8+ 24. Kc2 Ne7 25. Rb5 cxb5 26. Qxb5 Rc8 27. Qa6
Ba3+ 28. Kd1 Qh2 29. Qxa7 Rc1# 0-1

[Event "Challenge"]
[Site "http://www.queenalice.com/game.php?id=617108"]
[Date "2009.7.11"]
[Round "-"]
[White "MASTROIANNI"]
[Black "cepac0l"]
[Result "1-0"]
[WhiteElo "1511"]
[BlackElo "1564"]

1. d4 d5 2. Nf3 Nf6 3. e3 Qd6 4. Na3 Bg4 5. Be2 Nc6 6. Nb5 Qd7 7. h3 Bxf3 8.
Bxf3 a6 9. Nc3 e5 10. dxe5 Nxe5 11. Bxd5 c6 12. Bb3 b5 13. f4 Ng6 14. e4 b4 15.
Qxd7+ Nxd7 16. Ne2 Nc5 17. f5 Ne5 18. Bf4 Ned7 19. Rd1 Nxe4 20. Rd4 Nec5 21. O-O
Nxb3 22. cxb3 Bc5 23. Kh1 Bxd4 24. Nxd4 c5 25. Re1+ Kf8 26. Nc6 Nf6 27. Bd6+ Kg8
28. Bxc5 Rc8 29. Ne7+ Kf8 30. Nxc8+ Kg8 31. Be7 Nd5 32. Bc5 h5 33. Re5 Nf4 34.
Ne7+ Kh7 35. Re4 Nd3 36. Rc4 a5 37. Bd4 Re8 38. Nc6 Nxb2 39. Bxb2 Re2 40. Bd4 g5
41. Nxa5 g4 42. hxg4 hxg4 43. Bf6 g3 44. Rh4+ Kg8 45. Rg4+ Kf8 46. Rxg3 Rxa2 47.
Nc4 Ra6 48. Bd4 Rc6 49. Kh2 Rh6+ 50. Rh3 Ra6 51. Bc5+ Kg7 52. Bxb4 Rf6 53. Bc3
1-0

[Event "AUTO-INT-1452"]
[Site "http://www.queenalice.com/game.php?id=654205"]
[Date "2009.9.18"]
[Round "1"]
[White "cepac0l"]
[Black "DarKneSS"]
[Result "1-0"]
[WhiteElo "1527"]
[BlackElo "1410"]

1. e4 e5 2. Nf3 Nc6 3. Nc3 Nd4 4. Nxe5 d6 5. Nc4 Nf6 6. e5 dxe5 7. Nxe5 c6 8. g3
Bd6 9. Nd3 Bg4 10. Be2 Qe7 11. h3 Bf3 12. O-O 1-0

[Event "AUTO-INT-1452"]
[Site "http://www.queenalice.com/game.php?id=654207"]
[Date "2009.9.18"]
[Round "1"]
[White "cepac0l"]
[Black "chesspool"]
[Result "0-1"]
[WhiteElo "1537"]
[BlackElo "1957"]

1. e4 Nf6 2. d3 e5 3. Nf3 Nc6 4. Nc3 Be7 5. Be2 O-O 6. O-O d5 7. exd5 Nxd5 8. a3
h6 9. Nb5 a6 10. Nc3 Nxc3 11. bxc3 Be6 12. Rb1 b5 13. Be3 Bxa3 14. d4 e4 15. Ne5
Nxe5 16. dxe5 Qxd1 17. Rbxd1 f6 18. exf6 Rxf6 19. Bd4 Rff8 20. f3 exf3 21. Bxf3
Rad8 22. Rfe1 Bf5 23. Ra1 b4 24. Re7 Bb2 25. Rxa6 Bxc3 26. Bc5 Bd4+ 27. Bxd4
Rxd4 28. Rxc7 Rd7 29. Rc5 Rd2 30. c4 b3 31. Rxf5 Rxf5 32. Bd5+ Rfxd5 33. cxd5 b2
34. Rb6 Rd1+ 0-1

[Event "AUTO-INT-1452"]
[Site "http://www.queenalice.com/game.php?id=654208"]
[Date "2009.9.18"]
[Round "1"]
[White "chesspool"]
[Black "cepac0l"]
[Result "1-0"]
[WhiteElo "1920"]
[BlackElo "1541"]

1. d4 e6 2. c4 a5 3. Nc3 Nf6 4. Nf3 Nc6 5. e3 d5 6. Bd3 Bb4 7. O-O Bxc3 8. bxc3
b6 9. cxd5 Nxd5 10. Ba3 Ba6 11. Bxa6 Rxa6 12. e4 Nxc3 13. Qd3 b5 14. Qxc3 Qd7
15. d5 exd5 16. Qxg7 Rf8 17. Qxf8# 1-0

[Event "AUTO-INT-1452"]
[Site "http://www.queenalice.com/game.php?id=654209"]
[Date "2009.9.18"]
[Round "1"]
[White "cepac0l"]
[Black "DanizinhaBH"]
[Result "0-1"]
[WhiteElo "1546"]
[BlackElo "1726"]

1. e4 e5 2. Nf3 Nc6 3. Nc3 Nf6 4. Bc4 h6 5. O-O Bc5 6. a3 a6 7. b4 Ba7 8. Nh4 g5
9. Nf5 b5 10. Bb3 Rh7 11. Qf3 d6 12. Ng3 g4 13. Qd3 Nd4 14. Bd5 c6 15. Ba2 d5
16. exd5 cxd5 17. Nxd5 Rg7 18. Nxf6+ Qxf6 19. Ne4 Qg6 20. Ng3 Bf5 21. Qc3 h5 22.
h4 Bxc2 23. Re1 f6 24. Ne2 Qf5 25. Nxd4 Bxd4 26. Qc6+ Ke7 27. Re2 g3 28. Qb7+
Kd6 29. Qf3 Qxf3 30. gxf3 Bd3 31. Re1 gxf2+ 32. Kh2 Bxa1 33. Re3 f1=Q 34. Rxd3+
Qxd3 0-1

[Event "AUTO-INT-1452"]
[Site "http://www.queenalice.com/game.php?id=654210"]
[Date "2009.9.18"]
[Round "1"]
[White "DanizinhaBH"]
[Black "cepac0l"]
[Result "0-1"]
[WhiteElo "1755"]
[BlackElo "1539"]

1. e4 e5 2. Nf3 d6 3. d4 exd4 4. Nxd4 d5 5. Nc3 dxe4 6. Nxe4 c5 7. Bb5+ Bd7 8.
Nxc5 Bxc5 9. Be3 a6 10. Bxd7+ Qxd7 11. O-O Nf6 12. Re1 O-O 13. Qf3 Bxd4 14. Bxd4
Qxd4 15. c3 Qd7 16. Rad1 Qc6 17. Qg3 Nbd7 18. Rd4 Rfe8 19. Re3 Nb6 20. Rd6 Qa4
21. Rxb6 Qd1+ 0-1

[Event "Challenge"]
[Site "http://www.queenalice.com/game.php?id=673012"]
[Date "2009.10.27"]
[Round "-"]
[White "jjjcarvalho"]
[Black "cepac0l"]
[Result "1-0"]
[WhiteElo "1557"]
[BlackElo "1535"]

1. d4 c6 2. e4 d5 3. exd5 Qxd5 4. Nf3 Nf6 5. Nc3 Qd7 6. Bc4 b5 7. Bb3 e6 8. O-O
Qc7 9. h3 c5 10. dxc5 Qxc5 11. Be3 Qf5 12. Qd2 Be7 13. Bg5 Ne4 14. Nxe4 Qxe4 15.
Bxe7 Kxe7 16. Rfe1 Qf5 17. Rad1 Nc6 18. Qd6+ Kf6 19. Qxc6 Rb8 20. Rd6 g5 21.
Qc3+ Kg6 22. Qxh8 g4 23. Re5 Qf6 24. Rg5+ Qxg5 25. Nxg5 Kxg5 26. Qxh7 Rb6 27.
Rxb6 gxh3 28. Rxb5+ Kg4 29. Qe4# 1-0

[Event "Challenge"]
[Site "http://www.queenalice.com/game.php?id=1006155"]
[Date "2011.11.7"]
[Round "-"]
[White "cepac0l"]
[Black "AdelphosGambit"]
[Result "1-0"]
[WhiteElo "1546"]
[BlackElo "1454"]

1. Nc3 c5 2. e4 Nc6 3. Nf3 e5 4. Bc4 d6 5. d3 Bg4 6. h3 Bh5 7. g4 Bg6 8. Be3 Be7
9. Qd2 f6 10. O-O-O Qd7 11. Nd5 Bd8 12. Bb5 a6 13. Ba4 Nge7 14. Nxe7 Bxe7 15. b3
b5 16. Bxb5 axb5 17. Rhg1 Rxa2 18. h4 Qa7 19. Qe2 Qa3+ 20. Kd2 Qb4+ 21. Kc1 Qc3
22. Nd2 1-0

[Event "Challenge"]
[Site "http://www.queenalice.com/game.php?id=1006156"]
[Date "2011.11.7"]
[Round "-"]
[White "cepac0l"]
[Black "The_Blunder_Bus"]
[Result "0-1"]
[WhiteElo "1520"]
[BlackElo "1792"]

1. Nc3 e5 2. Nf3 Nc6 3. e3 Nf6 4. d3 d5 5. d4 Bb4 6. a3 Bd6 7. Bb5 Qe7 8. Bxc6+
bxc6 9. O-O e4 10. Ng5 Ng4 11. h3 Qxg5 12. f4 Qh4 13. hxg4 Bxg4 14. Qe1 Qh5 15.
Ne2 Bxe2 16. Rf2 Bg4 17. b3 Be7 18. c4 Bh4 19. Qa5 Bxf2+ 20. Kxf2 Qh4+ 21. Kg1
Qg3 22. Qxc7 O-O 23. Qxc6 Bf3 24. Qxa8 Qxg2# 0-1

[Event "AUTO-INT-2192"]
[Site "http://www.queenalice.com/game.php?id=1006172"]
[Date "2011.11.7"]
[Round "1"]
[White "cepac0l"]
[Black "gabriellima"]
[Result "0-1"]
[WhiteElo "1573"]
[BlackElo "1743"]

1. Nc3 e5 2. Nf3 Nc6 3. e4 Nf6 4. a3 Bc5 5. b4 Bd4 6. Bc4 Nxe4 7. Nxd4 Nxc3 8.
Qg4 O-O 9. Nf5 Qf6 10. dxc3 d5 11. Nh6+ Kh8 12. Qf3 Qxf3 13. gxf3 dxc4 14. Ng4
e4 15. Ne3 exf3 16. Rg1 Bd7 17. Nd5 Rae8+ 18. Ne3 a5 19. b5 Ne7 20. a4 Nf5 21.
Kf1 Nxe3+ 22. Bxe3 Bh3+ 23. Ke1 Bg2 24. Rd1 Rd8 25. Rxd8 Rxd8 26. Bf4 c6 27. b6
Re8+ 28. Kd1 Re2 29. Kc1 Rxf2 30. Rd1 h6 31. Rd7 Rf1+ 32. Kd2 f2 33. Rxb7 Ra1
34. Rxf7 f1=Q 35. b7 Qf2# 0-1

[Event "AUTO-INT-2192"]
[Site "http://www.queenalice.com/game.php?id=1006173"]
[Date "2011.11.7"]
[Round "1"]
[White "gabriellima"]
[Black "cepac0l"]
[Result "1-0"]
[WhiteElo "1752"]
[BlackElo "1564"]

1. e4 e5 2. Nf3 d6 3. Bc4 Qf6 4. d3 Nc6 5. Be3 a6 6. Nc3 Nge7 7. O-O b5 8. Nd5
Qg6 9. Nxc7+ Kd8 10. Nxa8 Bh3 11. g3 Bxf1 12. Qxf1 bxc4 13. dxc4 Qxe4 14. Ng5
Qg6 15. h4 h6 16. Nf3 e4 17. Bb6+ Kd7 18. Qh3+ f5 19. Nh2 d5 20. cxd5 Nb4 21. c4
Nc8 22. Rd1 h5 23. c5 Nxb6 24. Nxb6+ Kc7 25. a4 Bxc5 26. a5 f4 27. Qd7+ Kb8 28.
Qe6 Qh6 29. Qe5+ Bd6 30. Qxe4 g5 31. Qe6 Qf8 32. Nd7+ Kc7 33. Nxf8 Rxf8 34. Rc1+
Kb8 35. Qxd6+ Ka8 36. Qxf8+ Ka7 37. Rc7# 1-0

[Event "AUTO-INT-2192"]
[Site "http://www.queenalice.com/game.php?id=1006174"]
[Date "2011.11.7"]
[Round "1"]
[White "cepac0l"]
[Black "Hanuman"]
[Result "1-0"]
[WhiteElo "1520"]
[BlackElo "1529"]

1. Nc3 e5 2. Nf3 Nc6 3. e4 Nf6 4. Bc4 Bb4 5. Ne2 Nxe4 6. a3 Na5 7. axb4 Nxc4 8.
O-O d5 9. d3 Ncd6 10. dxe4 Nxe4 11. Nxe5 O-O 12. Qd4 Bf5 13. Nf4 f6 14. Nf3 Qd6
15. Nh4 Qe5 16. Qe3 g5 17. Nxf5 Qxf5 18. Nh5 b6 19. b3 Rae8 20. Ng3 Nxg3 21.
Qxg3 Re5 22. Bb2 Re4 23. Qxc7 Rfe8 24. f3 Rxb4 25. Rae1 Rf8 26. Re7 Qg6 27. Ba3
Rb5 28. Rfe1 1-0

[Event "AUTO-INT-2192"]
[Site "http://www.queenalice.com/game.php?id=1006175"]
[Date "2011.11.7"]
[Round "1"]
[White "Hanuman"]
[Black "cepac0l"]
[Result "0-1"]
[WhiteElo "1388"]
[BlackElo "1536"]

1. e4 Nc6 2. Nf3 e6 3. d4 Qe7 4. Bd2 d5 5. e5 f6 6. Bb5 a6 7. Bxc6+ bxc6 8. O-O
f5 9. Bg5 Qf7 10. c3 h6 11. Be3 Rb8 12. Qa4 f4 13. Bd2 Rb6 14. c4 Ne7 15. cxd5
Nxd5 16. Ba5 Rb4 17. Qxc6+ Bd7 18. Qa8+ Ke7 19. Bxb4+ Nxb4 20. a3 Bc6 21. Qc8
Nd5 22. Nc3 Nb6 23. Qxc7+ Bd7 24. Qxb6 g5 25. Qxa6 g4 26. Nd2 f3 27. g3 h5 28.
Rfe1 h4 29. d5 hxg3 0-1